| 000 | 00323nam a2200097Ia 4500 | ||
|---|---|---|---|
| 001 | 1111375 | ||
| 005 | 20250827003910.0 | ||
| 008 | 250824s9999 xx 000 0 und d | ||
| 245 | 0 |
_aİSTANBUL'UN FETHİ VE FATİH _cM.ES'AD COŞAN |
|
| 260 | _bSERVER İLETİŞİM DANIŞMANLIK TANITIM GAZETECİLİK VE YAYINCILIK SAN.TİC.A.Ş. | ||
| 999 |
_c1111375 _d1111375 |
||